Máme krátku pamäť inšpekciám vládnu ženy hlavne v severských krajinách

Bibliographic Details
Main Author: Čimová, Denisa (Author)
Format: Article
Language:Slovak
PhysicalDescription:Fotogr.
ISSN:1335-4701
Subjects:

MARC

LEADER 00000nab a2200000 a 4500
001 vtls009007867
003 SK-MaSNL
005 20260303065501.0
008 140301c20070108xo dr|p|||||||000 b|slo
015 |a SNBRB2007/07  |2 snkbucl 
038 |a SNKBUCL 
040 |a SNKBUCL  |b slo  |c SNKBUCL  |e AACR2 
041 0 |a slo 
044 |a xo  |c SK 
080 |a 658.012.43-051  |2 2001 
080 |a 005-051  |2 2001 
080 |a 929 Machútová, Nadežda  |2 2001 
100 1 |a Čimová, Denisa  |4 aut  |9 842179 
245 1 0 |a Máme krátku pamäť  |b inšpekciám vládnu ženy hlavne v severských krajinách  |c Denisa Čimová 
300 |b Fotogr. 
600 1 7 |a Machútová, Nadežda  |2 snkbucl  |9 780774 
773 0 |t Hospodárske noviny  |g Roč. XV., č. 5 (8.1.2007)  |x 1335-4701 
773 0 8 |t Podnikanie  |g S. [21]-22 
852 |a SNK  |b KIS3GCP 
958 |a BX 
999 |c 1751350  |d 1753280